<?xml version="1.0" encoding="UTF-8"?>
<marc:record xmlns:marc="http://www.loc.gov/MARC21/slim">
   <marc:leader>00000nam a2200000 a 4500</marc:leader>
   <marc:datafield ind1="1" ind2=" " tag="100">
      <marc:subfield code="a">Baldini, Laura</marc:subfield>
      <marc:subfield code="4">aut</marc:subfield>
      <marc:subfield code="e">Verfasser/-in</marc:subfield>
   </marc:datafield>
   <marc:datafield ind1="0" ind2="0" tag="245">
      <marc:subfield code="a">Und sie schenkten ihnen ein Zuhause</marc:subfield>
   </marc:datafield>
   <marc:datafield ind1=" " ind2="1" tag="264">
      <marc:subfield code="b">Piper</marc:subfield>
      <marc:subfield code="c">2026</marc:subfield>
   </marc:datafield>
   <marc:datafield ind1="1" ind2=" " tag="520">
      <marc:subfield code="a">London, 1987: Als die junge Buchhändlerin Rose den Nachlass ihrer Mutter sichtet, entdeckt sie, dass diese ein Adoptivkind war. Die Recherche nach der wahren Herkunft ihrer Mutter führt sie zu einem von Anna Freunds Kriegswaisenhäusern. An diesem außergewöhnlichen Ort betreut die aus Wien geflüchtete Jüdin Helene nach Kriegsende sechs Kinder aus Theresienstadt.</marc:subfield>
   </marc:datafield>
   <marc:datafield ind1=" " ind2=" " tag="020">
      <marc:subfield code="a">9783492072380</marc:subfield>
      <marc:subfield code="9">9783492072380</marc:subfield>
   </marc:datafield>
</marc:record>
